000 00625nam a2200241Ia 4500
001 14308
003 OSt
005 20260225152043.0
008 211022s9999 xx 000 0 und d
020 _a9780947753108
040 _cIVS
082 _a700.74 ARA
_b14308
100 _aAraeen, Rasheed
245 0 _aArt Beyond Art: Ecoaesthetics, A Manifesto for the 21st Century
260 _aLondon
260 _bThirdtext Publication
260 _c2010
300 _a170 pages
650 _aArt — Philosophy
650 _aAesthetics — Environmental aspects
650 _aEnvironmental ethics
942 _cBK
_2ddc
_n0
999 _c9529
_d9529